Bible Figures Quiz - Statistics

General Stats
  • This quiz has been taken 23 times
  • The average score is 17 of 20
Answer Stats
Hint Answer % Correct
1) The Christian son of God, whowas crucified on the cross Jesus
100%
18) Apostle who famously betrayedJesus for silver Judas
100%
3) Son of Adam and Eve whoslain his brother Abel Cain
96%
9) Giant whom the above killed Goliath
96%
11) Carpenter and Earthly father of #1 Joseph
96%
10) The virgin mother of #1 Mary
96%
7) Led his Israelites out Egypt toescape persecution Moses
96%
6) Descendant of #4 who constructedthe wooden Ark Noah
96%
17) He was the leader of the original12 Apostles Peter
96%
15) Called by God to sacrifice his sonas a test of faith, he is considered the father of the Hebrew nation Abraham
91%
8) 2nd king of Israel David
91%
12) Apostle who famously doubtedJesus' resurrection Thomas
91%
5) Judean king who sought tokill Jesus as a baby Herod
83%
20) Former Christian persecutor who was converted and became a prominent apostle Paul
78%
2) Roman governor who ordered the crucification of the above Pontius Pilate
78%
16) According to John, Jesus raised thisman from the dead after 4 days Lazarus
70%
4) 3rd son of Adam and Eve andbrother to the above Seth
70%
13) Judean king who constructed thefirst temple of Jerusalem Solomon
65%
14) Loyal companion to Jesus, shewas the first to discover his empty tomb and proclaimed Resurrection Mary Magdalene
57%
19) Son of Noah who is consideredancestor of the Semitic people Shem
57%
No matching quizzes found
Score Distribution
Percent of People with Each Score
Percentile by Number Answered
Your Score History
You have not taken this quiz